Химическая технология: научные основы процессов ректификации: учебное пособие для среднего профессионального образования; Ч. 2

Bibliographische Detailangaben
1. Verfasser: Комиссаров Ю. А. Юрий Алексеевич
Weitere Verfasser: Гордеев Л. С. Лев Сергеевич, Вент Д. П. Дмитрий Павлович
Zusammenfassung:В настоящем издании рассматриваются основы процессов ректификации бинарных и многокомпонентных смесей, а также методы расчета совмещенных хеморектификационных процессов. Приводятся методы расчета фазового равновесия двух несмешивающихся жидкостей и пара, а также равновесия с учетом химической реакции. Во второй части рассматриваются вопросы ректификации многокомпонентных смесей. Приводятся основные методы расчета вручную и с помощью современных методов математического моделирования с использованием ЭВМ.
Sprache:Russisch
Veröffentlicht: Москва, Юрайт, 2019
Ausgabe:2-е изд., перераб. и доп.
Schriftenreihe:Профессиональное образование
Schlagworte:
Format: MixedMaterials Buch
KOHA link:https://koha.lib.tpu.ru/cgi-bin/koha/opac-detail.pl?biblionumber=343002

MARC

LEADER 00000nam0a2200000 4500
001 343002
005 20231102005518.0
010 |a 9785534109818 
010 |a 978-5-534-10977-1 
035 |a (RuTPU)RU\TPU\book\372623 
035 |a RU\TPU\book\372622 
090 |a 343002 
100 |a 20190530d2019 m y0rusy50 ca 
101 0 |a rus 
102 |a RU 
105 |a a j 001zy 
200 1 |a Химическая технология: научные основы процессов ректификации  |e учебное пособие для среднего профессионального образования  |h Ч. 2  |f Ю. А. Комиссаров, Л. С. Гордеев, Д. П. Вент 
205 |a 2-е изд., перераб. и доп. 
210 |a Москва  |c Юрайт  |d 2019 
215 |a 416 с.  |c ил. 
225 1 |a Профессиональное образование 
320 |a Библиогр.: с. 413-415 
330 |a В настоящем издании рассматриваются основы процессов ректификации бинарных и многокомпонентных смесей, а также методы расчета совмещенных хеморектификационных процессов. Приводятся методы расчета фазового равновесия двух несмешивающихся жидкостей и пара, а также равновесия с учетом химической реакции. Во второй части рассматриваются вопросы ректификации многокомпонентных смесей. Приводятся основные методы расчета вручную и с помощью современных методов математического моделирования с использованием ЭВМ. 
606 1 |a Ректификационные процессы  |x Разделение  |2 stltpush  |3 (RuTPU)RU\TPU\subj\31531  |9 54361 
610 1 |a многокомпонентные системы 
610 1 |a методы гомотопии 
610 1 |a взаимосвязанные системы 
610 1 |a расчет 
610 1 |a равновесие 
610 1 |a массопередача 
610 1 |a кинетика 
610 1 |a ректификационные установки 
610 1 |a оптимальные схемы 
610 1 |a синтез 
610 1 |a совмещенные реакционно-ректификационные процессы 
610 1 |a системы алгебраических уравнений 
610 1 |a решение 
610 1 |a интерполирование 
610 1 |a аппроксимация 
610 1 |a дифференциальные уравнения 
610 1 |a химическая технология 
610 1 |a учебные пособия 
675 |a 66. 048.3(075.32)  |v 4 
700 1 |a Комиссаров  |b Ю. А.  |g Юрий Алексеевич 
701 1 |a Гордеев  |b Л. С.  |g Лев Сергеевич 
701 1 |a Вент  |b Д. П.  |g Дмитрий Павлович 
801 1 |a RU  |b 63413507  |c 20171206 
801 2 |a RU  |b 63413507  |c 20190627  |g RCR 
942 |c BK 
959 |a 4/20170125  |d 1  |e 539,00  |f ЧЗТЛ:1